Munkahelyen gyászolunk-munkahelyet gyászolunk
| Szerző: | |
|---|---|
| További közreműködők: | |
| Dokumentumtípus: | Záródolgozat |
| Kulcsszavak: | mentálhigiénia munkahely munkatársak munkatársi viszony vezetők |
| Online Access: | http://dolgozattar.uni-bge.hu/60050 |
MARC
| LEADER | 00000nta a2200000 i 4500 | ||
|---|---|---|---|
| 001 | dolg60050 | ||
| 005 | 20260409145923.0 | ||
| 008 | 260409suuuu hu o 000 hun d | ||
| 040 | |a BGE Dolgozattár Repozitórium |b hun | ||
| 041 | |a hu | ||
| 100 | 1 | |a Kemenes-Kempf Dr. Boglárka | |
| 245 | 1 | 0 | |a Munkahelyen gyászolunk-munkahelyet gyászolunk |c Kemenes-Kempf Dr. Boglárka |h [elektronikus dokumentum] |
| 516 | |a Final_paper | ||
| 520 | 3 | |a Problémafelvetésem, a szakdolgozatom kutatási célja: felmérni, hogy a magyarországi munkahelyeken miként kezelik a munkavállaló családjában bekövetkezett halálesetet, miként zajlik egy kolléga elvesztése, hogyan viszonyulnak ehhez a kollégák és hogyan a felettesek? Arra is keresem a választ, hogy létezik-e vállalati kultúra a gyász feldolgozásának segítésében? A második nagy kutatási terület a munkahely elvesztésének kérdése, egyrészről, ha munkavállaló irányából indul a jogviszony megszüntetése, másrészről, ha a munkáltató mond fel, mi történik csoportos létszámleépítés esetében. Vajon létezik-e hazánkban valamilyen módszer ennek könnyítésére? S végezetül, mi történik a nyugdíjba vonulás esetén, mind a maradó kollégák és felettesek esetében. | |
| 695 | |a mentálhigiénia | ||
| 695 | |a munkahely | ||
| 695 | |a munkatársak | ||
| 695 | |a munkatársi viszony | ||
| 695 | |a vezetők | ||
| 700 | 1 | |a Vágány Dr. Judit Bernadett |e ths | |
| 856 | 4 | 0 | |u http://dolgozattar.uni-bge.hu/60050/1/Szakdolgozat.pdf |z Dokumentum-elérés |
| 856 | 4 | 0 | |u http://dolgozattar.uni-bge.hu/60050/2/DrKemenes-Kempf_Bogl%C3%A1rka_KSZ%20%C3%A9s%20MH_B%C3%8DR%C3%81LATA_2025_DrK%C3%A1rp%C3%A1ti-Dar%C3%B3czi_Judit.pdf |z Dokumentum-elérés |
| 856 | 4 | 0 | |u http://dolgozattar.uni-bge.hu/60050/3/Kemenes-Kempf_Boglarka_Mental_kepzes_VJ.pdf |z Dokumentum-elérés |